Guess the 1960s song lyrics #140 - Statistics

General Stats
  • This quiz has been taken 11 times
  • The average score is 143 of 212
Answer Stats
Answer % Correct
a
100%
all
100%
and
100%
go
100%
he
100%
I
100%
Just
100%
me
100%
on
100%
That
100%
the
100%
they
100%
you
100%
Do
91%
it
91%
of
91%
to
91%
We
91%
yeah
91%
I'm
82%
love
82%
Oh
82%
oh
82%
them
82%
as
73%
got
73%
He's
73%
it's
73%
like
73%
music
73%
feeling
64%
Get
64%
get
64%
good
64%
now
64%
Otis
64%
out
64%
Redding
64%
Sam
64%
soul
64%
That's
64%
Brown
55%
Dave
55%
don't
55%
going
55%
James
55%
long
55%
want
55%
Ah
45%
Dancing
45%
Fa
45%
fa
45%
great
45%
king
45%
look
45%
Love's
45%
Singing
45%
Wilson
45%
floor
36%
gotta
36%
here
36%
Lou
36%
Mustang
36%
Pickett
36%
Rawls
36%
Sally
36%
sweet
36%
swingin
36%
with
36%
coming
27%
Hol
27%
Spotlight
27%
thing
27%
Arthur Conley
18%
boss
18%
Help
18%
hurtin
18%
wicked
18%
y'all
18%
No matching quizzes found
Score Distribution
Percent of People with Each Score
Percentile by Number Answered
Your Score History
You have not taken this quiz